| 000 | 00802nam a2200241 a 4500 | ||
|---|---|---|---|
| 001 | 72914 | ||
| 003 | BD-RjUL | ||
| 005 | 20211209082326.0 | ||
| 008 | 170524s1965 enk b 001 0 eng d | ||
| 035 | _a(BD-RjUL)73132 | ||
| 040 |
_aSUSA _beng _cSUSA _dBD-RjUL |
||
| 041 | _aeng | ||
| 082 | 0 | 4 |
_a301.09 _223 _bREA 1965 |
| 245 | 0 | 0 |
_aReadings in early anthropology / _cedited by J.S. Slotkin. |
| 260 |
_aLondon : _bMethuen, _c1965. |
||
| 300 |
_axvii, 530 p. ; _c27 cm. |
||
| 504 | _aIncludes bibliographical references and index. | ||
| 650 | 0 |
_aAnthropology _xHistory. _9133608 |
|
| 700 | 1 |
_aSlotkin, James Sydney, _d1913-1958. _9215671 |
|
| 830 |
_aViking Fund publications in anthropology ; _vno. 40 _9215674 |
||
| 942 |
_2ddc _cBK |
||
| 999 |
_c72914 _d72914 |
||